[Event "ESP-chT CECLUB Div1"]
[Site "Linares"]
[Date "2015.08.13"]
[Round "6.3"]
[White "Paramos Dominguez, Roberto"]
[Black "Silva Rodriguez, Julio Jose"]
[Result "1-0"]
[WhiteElo "2398"]
[BlackElo "2235"]
[PlyCount "129"]
[EventDate "2015.08.08"]
[EventType "team-tourn"]
[EventRounds "7"]
[EventCountry "ESP"]
[SourceTitle "EXT 2017"]
[Source "ChessBase"]
[SourceDate "2016.10.25"]
[SourceVersion "1"]
[SourceVersionDate "2016.10.25"]
[SourceQuality "1"]
[WhiteTeam "Vigo Universidad"]
[BlackTeam "Manises Eva"]
[WhiteTeamCountry "ESP"]
[BlackTeamCountry "ESP"]

1. d4 e6 2. c4 Nf6 3. Nc3 Bb4 4. e3 0-0 5. Nge2 Re8 6. a3 Bf8 7. d5 exd5 8. cxd5 c5 9. Ng3 d6 10. Be2 g6 11. e4 Bg7 12. 0-0 b6 13. Bg5 h6 14. Be3 Ba6 15. Bxa6 Nxa6 16. f3 Nc7 17. Qd2 h5 18. b4 Nd7 19. Rac1 Ne5 20. Nd1 Qd7 21. h3 Qb5 22. Nb2 Qa6 23. a4 Rac8 24. f4 Nd7 25. b5 Qa5 26. Qxa5 bxa5 27. Nc4 Bf8 28. f5 h4 29. fxg6 fxg6 30. Nh1 Nb6 31. Rxf8+ Rxf8 32. Nxd6 Rcd8 33. Bxc5 Nxa4 34. Ba3 Rd7 35. Nf2 Rfd8 36. Ng4 Nxd5 37. exd5 Rxd6 38. Rc7 Kh8 39. Rxa7 R8d7 40. Rxa5 Rxd5 41. Rxa4 Rxb5 42. Ra8+ Kg7 43. Kh2 g5 44. Bf8+ Kf7 45. Bh6 Rd1 46. Ra7+ Ke6 47. Ra6+ Kd7 48. Nf2 Rf1 49. Ra2 Ke8 50. Bg7 Kf7 51. Bd4 Kg6 52. Ra6+ Kf7 53. Ra2 Kg6 54. g4 hxg3+ 55. Kxg3 Rb3+ 56. Kg2 Rc1 57. Ra6+ Kh7 58. Ra7+ Kh6 59. Ng4+ Kg6 60. Ra6+ Kf5 61. Nf2 g4 62. h4 Rg1+ 63. Kxg1 Kf4 64. Kg2 Rg3+ 65. Kh2 1-0

[Event "ESP-chT CECLUB Div1"]
[Site "Linares"]
[Date "2015.08.10"]
[Round "3.4"]
[White "Glavina, Pablo"]
[Black "Paramos Dominguez, Roberto"]
[Result "1-0"]
[WhiteElo "2387"]
[BlackElo "2398"]
[PlyCount "59"]
[EventDate "2015.08.08"]
[EventType "team-tourn"]
[EventRounds "7"]
[EventCountry "ESP"]
[SourceTitle "EXT 2016"]
[Source "ChessBase"]
[SourceDate "2015.10.08"]
[SourceVersion "1"]
[SourceVersionDate "2015.10.08"]
[SourceQuality "1"]
[WhiteTeam "Casablanca Stadium"]
[BlackTeam "Vigo Universidad"]
[WhiteTeamCountry "ESP"]
[BlackTeamCountry "ESP"]

1. d4 Nf6 2. c4 g6 3. f3 d5 4. cxd5 Nxd5 5. e4 Nb6 6. Nc3 Bg7 7. Be3 0-0 8. Qd2 Nc6 9. 0-0-0 Qd6 10. h4 Rd8 11. Nb5 Qd7 12. h5 a6 13. Nc3 Nxd4 14. hxg6 fxg6 15. g4 e5 16. Qh2 Bh8 17. f4 exf4 18. Bxf4 Qf7 19. Bxc7 Be6 20. Bxb6 Nb3+ 21. axb3 Rxd1+ 22. Nxd1 Bxb3 23. Bd3 Rc8+ 24. Nc3 Bxc3 25. bxc3 Rxc3+ 26. Kd2 Rxd3+ 27. Kxd3 Qc4+ 28. Ke3 Qc3+ 29. Kf2 Qf6+ 30. Kg2 1-0

[Event "ESP-chT CECLUB Div1"]
[Site "Linares"]
[Date "2015.08.08"]
[Round "1.4"]
[White "Paramos Dominguez, Roberto"]
[Black "Arizmendi Martinez, Julen Luis"]
[Result "1/2-1/2"]
[WhiteElo "2398"]
[BlackElo "2529"]
[PlyCount "83"]
[EventDate "2015.08.08"]
[EventType "team-tourn"]
[EventRounds "7"]
[EventCountry "ESP"]
[SourceTitle "EXT 2016"]
[Source "ChessBase"]
[SourceDate "2015.10.08"]
[SourceVersion "1"]
[SourceVersionDate "2015.10.08"]
[SourceQuality "1"]
[WhiteTeam "Vigo Universidad"]
[BlackTeam "Equigoma Social Catolica"]
[WhiteTeamCountry "ESP"]
[BlackTeamCountry "ESP"]

1. e4 e6 2. d4 d5 3. Nc3 Be7 4. Nf3 Nf6 5. Bd3 c5 6. exd5 exd5 7. 0-0 c4 8. Be2 Nc6 9. b3 cxb3 10. axb3 0-0 11. Ne5 Nb4 12. Na4 Ne4 13. f3 Nd6 14. c3 Nc6 15. Nxc6 bxc6 16. Re1 Bh4 17. g3 Be7 18. Bf1 Nf5 19. Ba3 Bxa3 20. Rxa3 h5 21. Bd3 Nd6 22. Re5 g6 23. Ra2 Bh3 24. Nc5 Re8 25. Rae2 Rxe5 26. Rxe5 Qf6 27. Qe2 Kg7 28. Re7 Ne4 29. Rxe4 dxe4 30. fxe4 Qg5 31. Qe1 h4 32. e5 hxg3 33. hxg3 Rh8 34. Be4 Bf5 35. Bg2 Qh6 36. Kf2 g5 37. Qe3 Qg6 38. c4 Bh3 39. Be4 Bf5 40. Bg2 Bh3 41. Be4 Bf5 42. Bg2 1/2-1/2

[Event "Famalicao op 3rd"]
[Site "Famalicao"]
[Date "2015.08.04"]
[Round "4"]
[White "Paramos Dominguez, Roberto"]
[Black "Martinez Duany, Lelys Stanley"]
[Result "1/2-1/2"]
[WhiteElo "2398"]
[BlackElo "2450"]
[PlyCount "33"]
[EventDate "2015.08.02"]
[EventType "swiss"]
[EventRounds "7"]
[EventCountry "POR"]
[SourceTitle "CBM 167 Extra"]
[Source "ChessBase"]
[SourceDate "2015.09.14"]
[SourceVersion "1"]
[SourceVersionDate "2015.09.14"]
[SourceQuality "1"]

1. d4 Nf6 2. c4 d6 3. Nc3 e5 4. Nf3 Nbd7 5. e4 g6 6. Be2 Bg7 7. 0-0 0-0 8. d5 Nh5 9. g3 Bf6 10. Bh6 Ng7 11. Qd2 Be7 12. Ne1 Nf6 13. f3 Bh3 14. Rf2 Kh8 15. Nd3 Ng8 16. Be3 f5 17. Bf1 1/2-1/2

[Event "Famalicao op 3rd"]
[Site "Famalicao"]
[Date "2015.08.03"]
[Round "2"]
[White "Paramos Dominguez, Roberto"]
[Black "Romano, Luis Miguel Pereira"]
[Result "1-0"]
[WhiteElo "2398"]
[BlackElo "2030"]
[PlyCount "75"]
[EventDate "2015.08.02"]
[EventType "swiss"]
[EventRounds "7"]
[EventCountry "POR"]
[SourceTitle "CBM 167 Extra"]
[Source "ChessBase"]
[SourceDate "2015.09.14"]
[SourceVersion "1"]
[SourceVersionDate "2015.09.14"]
[SourceQuality "1"]

1. d4 Nf6 2. c4 c5 3. d5 b5 4. cxb5 a6 5. bxa6 g6 6. Nc3 Bxa6 7. Nf3 d6 8. g3 Bg7 9. Bg2 Nbd7 10. Rb1 0-0 11. 0-0 Qa5 12. Bd2 Bb7 13. Qc2 Qa7 14. e4 Ba6 15. Rfd1 Ng4 16. h3 Nge5 17. Ne1 c4 18. Be3 Qc7 19. Qd2 Rfb8 20. Nc2 Nd3 21. Nd4 N7c5 22. Nc6 Rb7 23. Bg5 Re8 24. Bf1 Bxc3 25. Qxc3 Nxe4 26. Qa3 Ndxf2 27. Re1 Nxh3+ 28. Bxh3 Nxg5 29. Qxa6 Nxh3+ 30. Kg2 Ng5 31. Qxc4 Qd7 32. Re3 Qh3+ 33. Kg1 e5 34. b4 e4 35. Rf1 Nf3+ 36. Rfxf3 exf3 37. Rxe8+ Kg7 38. Qc3+ 1-0

[Event "Gaia Profigaia op 7th"]
[Site "Vila Nova de Gaia"]
[Date "2014.06.28"]
[Round "2"]
[White "Branco, Joao Carlos Fernand"]
[Black "Paramos Dominguez, Roberto"]
[Result "0-1"]
[WhiteElo "1518"]
[BlackElo "2400"]
[PlyCount "54"]
[EventDate "2014.06.28"]
[EventType "swiss"]
[EventRounds "9"]
[EventCountry "POR"]
[SourceTitle "CBM 161 Extra"]
[Source "ChessBase"]
[SourceDate "2014.08.29"]
[SourceVersion "1"]
[SourceVersionDate "2014.08.29"]
[SourceQuality "1"]

1. d4 Nf6 2. c4 g6 3. Nc3 Bg7 4. Nf3 d5 5. cxd5 Nxd5 6. e4 Nxc3 7. bxc3 c5 8. Bb5+ Nc6 9. 0-0 0-0 10. h3 cxd4 11. Bxc6 bxc6 12. cxd4 c5 13. Bb2 Rb8 14. Bc3 Bb7 15. Re1 f5 16. exf5 Bxf3 17. Qxf3 cxd4 18. Rad1 Rxf5 19. Qe4 e5 20. Qd3 Qf8 21. Ba1 Rxf2 22. Re2 Rxe2 23. Qxe2 Qf7 24. Re1 Qd5 25. Qa6 d3 26. Qxa7 Ra8 27. Qe7 Rxa2 0-1

[Event "POR Cup 35th"]
[Site "Famalicao"]
[Date "2013.05.19"]
[Round "2.4"]
[White "Paramos Dominguez, Roberto"]
[Black "Martins, Pedro"]
[Result "1-0"]
[WhiteElo "2407"]
[BlackElo "2027"]
[PlyCount "111"]
[EventDate "2013.05.18"]
[EventType "team-k.o."]
[EventRounds "2"]
[EventCountry "POR"]
[SourceTitle "CBM 154 Extra"]
[Source "ChessBase"]
[SourceDate "2013.06.25"]
[SourceVersion "2"]
[SourceVersionDate "2013.06.25"]
[SourceQuality "1"]
[WhiteTeam "Gaia"]
[BlackTeam "Tap CC"]
[WhiteTeamCountry "POR"]
[BlackTeamCountry "POR"]

1. d4 Nf6 2. c4 e6 3. Nc3 Bb4 4. e3 0-0 5. Nge2 d5 6. a3 Bd6 7. c5 Be7 8. b4 b6 9. Nf4 c6 10. Bd3 Nbd7 11. 0-0 bxc5 12. bxc5 e5 13. Nfe2 Qc7 14. f3 Re8 15. Bd2 Nf8 16. Qc2 Rb8 17. Kh1 Be6 18. Rae1 g6 19. Ng3 Rb7 20. Ba6 Rbb8 21. Na2 exd4 22. exd4 h5 23. Bd3 h4 24. Ne2 Nh5 25. Nb4 Rbc8 26. Qc1 Ng7 27. Bf4 Qd7 28. Ba6 Nf5 29. Nd3 f6 30. Nf2 g5 31. Bd2 Rb8 32. f4 Nh7 33. Ng4 Ng3+ 34. Nxg3 Bxg4 35. Ne2 h3 36. gxh3 Bxh3 37. Rf2 g4 38. Ng3 Rb3 39. Rfe2 f5 40. Qc2 Rxg3 41. hxg3 Nf6 42. Bd3 Ne4 43. Bxe4 dxe4 44. Qb3+ Kg7 45. Rb1 Rh8 46. Bc3 Bf6 47. Qb7 Qxb7 48. Rxb7+ Kg6 49. Kg1 Rd8 50. Rd2 e3 51. Re2 Bxd4 52. Bxd4 Rxd4 53. Rxe3 Rd1+ 54. Kf2 Rd2+ 55. Ke1 Rc2 56. Re6+ 1-0

[Event "POR Cup 35th"]
[Site "Famalicao"]
[Date "2013.05.18"]
[Round "1.4"]
[White "Valente, Joao Nuno Baptista"]
[Black "Paramos Dominguez, Roberto"]
[Result "0-1"]
[WhiteElo "1655"]
[BlackElo "2407"]
[PlyCount "67"]
[EventDate "2013.05.18"]
[EventType "team-k.o."]
[EventRounds "2"]
[EventCountry "POR"]
[SourceTitle "CBM 154 Extra"]
[Source "ChessBase"]
[SourceDate "2013.06.25"]
[SourceVersion "2"]
[SourceVersionDate "2013.06.25"]
[SourceQuality "1"]
[WhiteTeam "Galitos"]
[BlackTeam "Gaia"]
[WhiteTeamCountry "POR"]
[BlackTeamCountry "POR"]

1. e4 c5 2. Nf3 d6 3. d4 cxd4 4. Nxd4 Nf6 5. Nc3 a6 6. Be3 e6 7. f3 b5 8. Qd2 Nbd7 9. g4 h6 10. 0-0-0 b4 11. Nce2 Qc7 12. Kb1 Bb7 13. Rg1 d5 14. exd5 Nxd5 15. Bf2 Rc8 16. f4 N7f6 17. Qd3 g5 18. fxg5 hxg5 19. Bg3 Nf4 20. Bxf4 gxf4 21. Bg2 Nd5 22. Bxd5 Bxd5 23. Qxa6 Bc5 24. Rge1 0-0 25. Qd3 Rfd8 26. Qh3 Bf8 27. Rc1 Bg7 28. Qf1 f3 29. Nxf3 Bxa2+ 30. Kxa2 Qa5+ 31. Kb3 Qd5+ 32. c4 bxc3+ 33. Kc2 Qd3+ 34. Kb3 0-1

[Event "POR-CupT 1/8-1/4 final 35th"]
[Site "Torres Vedras"]
[Date "2013.04.21"]
[Round "2.4"]
[White "Ulyanovskyy, Vladimir Viktorovic"]
[Black "Paramos Dominguez, Roberto"]
[Result "0-1"]
[WhiteElo "2073"]
[BlackElo "2407"]
[PlyCount "102"]
[EventDate "2013.04.20"]
[EventType "team-k.o."]
[EventRounds "2"]
[EventCountry "POR"]
[SourceTitle "EXT 2015"]
[Source "ChessBase"]
[SourceDate "2014.11.20"]
[SourceVersion "1"]
[SourceVersionDate "2014.11.20"]
[SourceQuality "1"]
[WhiteTeam "Barreirense"]
[BlackTeam "Gaia"]
[WhiteTeamCountry "POR"]
[BlackTeamCountry "POR"]

1. e4 c5 2. c4 d6 3. Ne2 e5 4. d3 Nc6 5. h3 Be7 6. g3 Bg5 7. Bg2 Bxc1 8. Qxc1 Nge7 9. 0-0 0-0 10. Nbc3 a6 11. Kh2 Rb8 12. f4 b5 13. b3 b4 14. Nd5 f6 15. f5 a5 16. g4 Nd4 17. Nxd4 exd4 18. Nxe7+ Qxe7 19. a4 bxa3 20. Rxa3 Qc7 21. Qf4 Rb4 22. g5 Kh8 23. gxf6 gxf6 24. Qh6 Qe7 25. Rg1 Rg8 26. Bf3 a4 27. Rxg8+ Kxg8 28. Bd1 Qe5+ 29. Kg2 Bd7 30. Qh4 Kh8 31. Kf3 Rb8 32. Qf4 Qe7 33. Qh6 Bc6 34. bxa4 Rg8 35. Kf2 Qe5 36. Bg4 Rb8 37. Kf3 Kg8 38. Qf4 Qe7 39. a5 Rb1 40. Kg3 Re1 41. Kh4 Re3 42. Rb3 Kg7 43. Bh5 Bxe4 44. Qg4+ Kh6 45. Bg6 Bf3 46. Qf4+ Kg7 47. Bh5 Bxh5 48. Kxh5 Rxh3+ 49. Kg4 Rh1 50. Qf3 h5+ 51. Kg3 Qe1+ 0-1

[Event "ESP-chT CECLUB Div2 Gp1"]
[Site "Padron"]
[Date "2011.08.12"]
[Round "4"]
[White "Paramos Dominguez, Roberto"]
[Black "Huerga Leache, Mikel"]
[Result "1-0"]
[WhiteElo "2408"]
[BlackElo "2453"]
[PlyCount "49"]
[EventDate "2011.08.10"]
[EventType "team-swiss"]
[EventRounds "6"]
[EventCountry "ESP"]
[SourceTitle "CBM 143 Extra"]
[Source "ChessBase"]
[SourceDate "2011.08.29"]
[SourceVersion "1"]
[SourceVersionDate "2011.08.29"]
[SourceQuality "1"]
[WhiteTeam "Vigo Universidad"]
[BlackTeam "Bilbao Haitzak"]
[WhiteTeamCountry "ESP"]
[BlackTeamCountry "ESP"]

1. d4 Nf6 2. c4 g6 3. f3 d5 4. cxd5 Nxd5 5. e4 Nb6 6. Nc3 Bg7 7. Be3 0-0 8. Qd2 Nc6 9. Rd1 f5 10. h4 fxe4 11. h5 exf3 12. hxg6 Nxd4 13. Rxh7 e5 14. gxf3 Bf5 15. Qh2 Bxg6 16. Rxg7+ Kxg7 17. Qxe5+ Qf6 18. Qxf6+ Kxf6 19. Rxd4 Rad8 20. Nh3 Rxd4 21. Bxd4+ Ke6 22. Kf2 Kd7 23. Ng5 Nc8 24. Bh3+ Bf5 25. Bg7 1-0

[Event "ESP-chT CECLUB GpA"]
[Site "Burguillos"]
[Date "2010.08.11"]
[Round "3"]
[White "Macieja, Bartlomiej"]
[Black "Paramos Dominguez, Roberto"]
[Result "1-0"]
[WhiteElo "2639"]
[BlackElo "2448"]
[PlyCount "75"]
[EventDate "2010.08.09"]
[EventType "team"]
[EventRounds "5"]
[EventCountry "ESP"]
[SourceTitle "CBM 137 Extra"]
[Source "ChessBase"]
[SourceDate "2010.09.01"]
[SourceVersion "1"]
[SourceVersionDate "2010.09.01"]
[SourceQuality "1"]

1. c4 e5 2. g3 Nf6 3. Bg2 d5 4. cxd5 Nxd5 5. Nf3 Nc6 6. 0-0 Be7 7. Nc3 Nb6 8. d3 Be6 9. Be3 Nd5 10. Bd2 0-0 11. Rc1 Qd7 12. Ne4 Rad8 13. a3 Bh3 14. Bxh3 Qxh3 15. Qb3 Qc8 16. Bg5 Bxg5 17. Nexg5 h6 18. Ne4 Rfe8 19. Rc5 Nb6 20. Rfc1 Re7 21. Qc2 Qg4 22. Kg2 Nd5 23. e3 Nb6 24. b4 f5 25. h3 Qg6 26. Ned2 a6 27. d4 exd4 28. Nh4 Qf6 29. Nxf5 Rf7 30. Ne4 Qe6 31. Nxd4 Nxd4 32. exd4 Rxd4 33. Re1 Re7 34. Ng5 hxg5 35. Rxe6 Rxe6 36. Rxc7 Nd5 37. Rxb7 Rf6 38. Rd7 1-0

[Event "ESP-chT Autonomicas 4th"]
[Site "Villava"]
[Date "2009.05.01"]
[Round "3"]
[White "Antoli Royo, Joaquin Miguel"]
[Black "Paramos Dominguez, Roberto"]
[Result "0-1"]
[WhiteElo "2416"]
[BlackElo "2429"]
[PlyCount "72"]
[EventDate "2009.04.30"]
[EventType "team-tourn"]
[EventRounds "6"]
[EventCountry "ESP"]
[SourceTitle "CBM 130 Extra"]
[Source "ChessBase"]
[SourceDate "2009.07.02"]
[SourceVersion "2"]
[SourceVersionDate "2009.07.15"]
[SourceQuality "1"]

1. e4 c5 2. Nf3 d6 3. d4 cxd4 4. Qxd4 a6 5. c4 Nc6 6. Qd2 g6 7. Nc3 Bg7 8. b3 Bg4 9. Be2 Nf6 10. Bb2 0-0 11. 0-0 Qa5 12. h3 Nxe4 13. Nxe4 Qxd2 14. Nexd2 Bxf3 15. Bxg7 Bxe2 16. Bxf8 Bxf1 17. Bxe7 Bxg2 18. Kxg2 Nxe7 19. Ne4 d5 20. cxd5 Nxd5 21. Rd1 Re8 22. Rd4 Re5 23. Nd6 b6 24. Nc8 Kg7 25. f4 Rf5 26. Kf3 Rh5 27. Kg3 b5 28. Nd6 Nc3 29. Ne8+ Kf8 30. Rd8 Ke7 31. Ra8 Rc5 32. b4 Rc6 33. f5 Nxa2 34. Kf4 Nxb4 35. Kg5 gxf5 36. Nf6 h6+ 0-1

[Event "Dos Hermanas Internet qual-D 10th"]
[Site "ICC INT"]
[Date "2009.03.14"]
[Round "7"]
[White "Bassan, Remo"]
[Black "Paramos Dominguez, Roberto"]
[Result "1-0"]
[WhiteElo "2179"]
[BlackElo "2429"]
[PlyCount "131"]
[EventDate "2009.03.14"]
[EventType "swiss (blitz)"]
[EventRounds "12"]
[EventCountry "ESP"]
[SourceTitle "EXT 2010"]
[Source "ChessBase"]
[SourceDate "2010.11.25"]
[SourceVersion "1"]
[SourceVersionDate "2010.11.25"]
[SourceQuality "1"]

1. e4 e5 2. Nf3 Nc6 3. Bb5 a6 4. Ba4 Nf6 5. d3 b5 6. Bb3 Bc5 7. 0-0 d6 8. c3 0-0 9. Bg5 h6 10. Bh4 Re8 11. h3 Rb8 12. d4 Bb6 13. dxe5 Nxe5 14. Nxe5 dxe5 15. Nd2 Be6 16. Qe2 c5 17. Nf3 Qe7 18. Rad1 c4 19. Bc2 Bc7 20. Nh2 b4 21. Ng4 Bxg4 22. hxg4 Qe6 23. f3 bxc3 24. bxc3 Rb2 25. Rb1 Reb8 26. a4 Rxb1 27. Rxb1 Rxb1+ 28. Bxb1 Qb6+ 29. Bf2 Qxb1+ 30. Kh2 Qd3 31. Qb2 Ba5 32. Be1 Qe3 33. Qa1 Bb6 34. Bg3 h5 35. gxh5 Nxh5 36. Bxe5 f6 37. Bd6 Qd3 38. Bb8 Qd8 39. Bg3 Nxg3 40. Kxg3 Qd6+ 41. Kg4 Qe6+ 42. Kg3 Bc7+ 43. Kf2 Qb6+ 44. Ke2 Bf4 45. Qd1 Qe3+ 46. Kf1 Qd3+ 47. Qe2 Kf7 48. Kf2 Qxc3 49. g3 Qd4+ 50. Kg2 Be5 51. f4 Bd6 52. Qh5+ Ke7 53. Qg6 Kd7 54. Qxg7+ Kc6 55. Qg6 c3 56. e5 Qd5+ 57. Kh3 fxe5 58. f5 c2 59. Qe8+ Kc5 60. Qc8+ Kd4 61. Qxa6 Qh1+ 62. Kg4 Qe4+ 63. Kg5 Be7+ 64. Kg6 c1Q 65. Qa7+ Kd3 66. Qxe7 1-0

[Event "Dos Hermanas Internet qual-C 10th"]
[Site "ICC INT"]
[Date "2009.03.14"]
[Round "4"]
[White "Paramos Dominguez, Roberto"]
[Black "Bachmann, Axel"]
[Result "0-1"]
[WhiteElo "2429"]
[BlackElo "2562"]
[PlyCount "102"]
[EventDate "2009.03.14"]
[EventType "swiss (blitz)"]
[EventRounds "12"]
[EventCountry "ESP"]
[SourceTitle "CBM 129 Extra"]
[Source "ChessBase"]
[SourceDate "2009.05.05"]
[SourceVersion "2"]
[SourceVersionDate "2009.05.20"]
[SourceQuality "1"]

1. e4 g6 2. d4 Bg7 3. Nc3 c6 4. f4 d5 5. e5 h5 6. Nf3 Nh6 7. Be3 Bg4 8. Be2 Nf5 9. Bf2 h4 10. Qd2 e6 11. 0-0-0 b5 12. h3 Bxf3 13. Bxf3 Nd7 14. Ne2 Nb6 15. Qc3 Qc7 16. g4 hxg3 17. Nxg3 Na4 18. Qa3 Bf8 19. Qb3 Nh4 20. Be2 Bh6 21. Kb1 Bxf4 22. Rdf1 Bxg3 23. Bxg3 Nf5 24. Bf2 Nb6 25. h4 Nc4 26. Qd3 Qe7 27. h5 gxh5 28. Rxh5 Rxh5 29. Bxh5 Qb4 30. b3 Nd2+ 31. Kb2 Nxf1 32. c3 Qf8 33. Qxf1 Qh6 34. Qe2 Ke7 35. Be1 Rh8 36. Bf3 Qf4 37. Bd2 Qh2 38. Bg5+ Kd7 39. Kc2 Qxe2+ 40. Bxe2 Rh2 41. Kd3 b4 42. cxb4 Rh3+ 43. Kd2 Nxd4 44. Bd1 Nf3+ 45. Bxf3 Rxf3 46. Be3 a6 47. a4 f6 48. exf6 e5 49. Bc5 Rxf6 50. b5 cxb5 51. axb5 axb5 0-1

[Event "Dos Hermanas Internet qual-D 10th"]
[Site "ICC INT"]
[Date "2009.03.14"]
[Round "6"]
[White "Paramos Dominguez, Roberto"]
[Black "Matros, Alexander"]
[Result "1-0"]
[WhiteElo "2429"]
[BlackElo "2450"]
[PlyCount "43"]
[EventDate "2009.03.14"]
[EventType "swiss (blitz)"]
[EventRounds "12"]
[EventCountry "ESP"]
[SourceTitle "EXT 2010"]
[Source "ChessBase"]
[SourceDate "2010.11.25"]
[SourceVersion "1"]
[SourceVersionDate "2010.11.25"]
[SourceQuality "1"]

1. e4 c5 2. Nf3 Nc6 3. d4 cxd4 4. Nxd4 Nxd4 5. Qxd4 e6 6. Nc3 Nf6 7. e5 Ng8 8. h4 a6 9. Bg5 Be7 10. Ne4 Qa5+ 11. c3 Bxg5 12. Nd6+ Kf8 13. hxg5 Qd5 14. Qf4 f5 15. gxf6 gxf6 16. exf6 h5 17. f7 Ne7 18. Qf6 Rh7 19. Rd1 Qc5 20. Bd3 Nf5 21. Qd8+ Kg7 22. f8Q+ 1-0

[Event "Dos Hermanas Internet qual-D 10th"]
[Site "ICC INT"]
[Date "2009.03.14"]
[Round "9"]
[White "Silva Sanchez, Carlos"]
[Black "Paramos Dominguez, Roberto"]
[Result "0-1"]
[WhiteElo "2388"]
[BlackElo "2429"]
[PlyCount "96"]
[EventDate "2009.03.14"]
[EventType "swiss (blitz)"]
[EventRounds "12"]
[EventCountry "ESP"]
[SourceTitle "EXT 2010"]
[Source "ChessBase"]
[SourceDate "2010.11.25"]
[SourceVersion "1"]
[SourceVersionDate "2010.11.25"]
[SourceQuality "1"]

1. e4 e5 2. Nf3 Nc6 3. d4 exd4 4. Nxd4 Nf6 5. Nc3 Bb4 6. Nxc6 bxc6 7. Bd3 d5 8. exd5 cxd5 9. 0-0 0-0 10. Bg5 c6 11. Ne2 h6 12. Bh4 Be7 13. Re1 Rb8 14. b3 Rb4 15. Bg3 Nh5 16. c4 Nxg3 17. Nxg3 Be6 18. Qe2 Bf6 19. Rad1 Bc3 20. Rf1 Qf6 21. cxd5 cxd5 22. Bb1 g6 23. Rd3 d4 24. Rf3 Qg7 25. h3 Bd5 26. Rd3 Rbb8 27. Rdd1 Rfe8 28. Qg4 h5 29. Qh4 a5 30. f3 a4 31. bxa4 Rb2 32. Ne4 Bxe4 33. fxe4 Qe5 34. Bd3 Re7 35. Bc4 Kg7 36. Rd3 Rb4 37. Bb3 Rbb7 38. Rdf3 Rbd7 39. Bc4 Rc7 40. Bd5 d3 41. Rxd3 Bd4+ 42. Kh1 Rc3 43. Rxc3 Bxc3 44. Qf2 Bd4 45. Qe2 h4 46. Qf3 Bc5 47. a5 Bd6 48. a6 Qh2# 0-1

[Event "POR-chT 50th"]
[Site "Evora"]
[Date "2008.07.26"]
[Round "1"]
[White "Paramos Dominguez, Roberto"]
[Black "Veingold, Aleksandr"]
[Result "0-1"]
[WhiteElo "2431"]
[BlackElo "2485"]
[PlyCount "102"]
[EventDate "2008.07.26"]
[EventType "team-tourn"]
[EventRounds "9"]
[EventCountry "POR"]
[SourceTitle "EXT 2009"]
[Source "ChessBase"]
[SourceDate "2008.11.26"]
[SourceVersion "1"]
[SourceVersionDate "2008.11.26"]
[SourceQuality "1"]

1. e4 c5 2. Nf3 d6 3. d4 cxd4 4. Nxd4 Nf6 5. Nc3 Nc6 6. Bg5 e6 7. Qd2 a6 8. 0-0-0 Bd7 9. f4 b5 10. Bxf6 gxf6 11. Nxc6 Bxc6 12. Qe1 Ra7 13. Bd3 Qb6 14. Kb1 Rg8 15. Rg1 Qc5 16. Qh4 h5 17. f5 Rg5 18. Ne2 a5 19. Qh3 e5 20. Nc3 a4 21. Nd5 Bxd5 22. exd5 a3 23. b3 Ke7 24. Be4 Rg4 25. Rge1 Rc7 26. Qd3 Bh6 27. Re2 h4 28. Rf1 Qb4 29. Rfe1 Rc3 30. Qd1 Rg8 31. Bd3 Rc5 32. c3 Rxc3 33. Bc2 Rgc8 34. Rf1 Qc5 35. h3 Be3 36. Rfe1 Kd7 37. Rf1 Bd4 38. Bd3 Qxd5 39. Be4 Qc5 40. Bd3 Be3 41. Rc2 Bd4 42. Qe2 Rxc2 43. Qxc2 Qb4 44. Qe2 Qc3 45. Bxb5+ Ke7 46. Bc4 d5 47. Rc1 Qa1+ 48. Kc2 Qxa2+ 49. Kd1 Qxe2+ 50. Bxe2 Rxc1+ 51. Kxc1 a2 0-1

[Event "EU Union-ch"]
[Site "Cork"]
[Date "2005.03.29"]
[Round "8"]
[White "Medvegy, Zoltan"]
[Black "Paramos Dominguez, Roberto"]
[Result "0-1"]
[WhiteElo "2467"]
[BlackElo "2391"]
[PlyCount "64"]
[EventDate "2005.03.22"]
[EventType "swiss"]
[EventRounds "10"]
[EventCountry "IRL"]
[SourceTitle "CBM 105 Extra"]
[Source "ChessBase"]
[SourceDate "2005.05.01"]
[SourceVersion "1"]
[SourceVersionDate "2005.05.01"]
[SourceQuality "1"]

1. d4 Nf6 2. Bg5 Ne4 3. Bf4 c5 4. d5 Qb6 5. Nd2 Nxd2 6. Bxd2 Qxb2 7. e4 g6 8. Rb1 Qe5 9. Bd3 c4 10. Nf3 Qc7 11. Be2 Bg7 12. Be3 Qa5+ 13. Kf1 Qxa2 14. Nd2 b5 15. Rxb5 Ba6 16. Qb1 Qxb1+ 17. Rxb1 0-0 18. Bxc4 Rc8 19. Bxa6 Nxa6 20. Ke2 Rxc2 21. Rhc1 Rxc1 22. Rxc1 Nb4 23. Rc7 a5 24. Nc4 f5 25. Nb6 Ra6 26. Nxd7 fxe4 27. Nc5 Ra8 28. Rxe7 Nxd5 29. Re6 a4 30. Bc1 a3 31. Nb3 a2 32. Ra6 Rb8 0-1